| 000 | 01147cam a2200301 4500 | ||
|---|---|---|---|
| 008 | 090401t1997 xxu||||| |||| 00| 0 eng d | ||
| 020 | _a0860174654 | ||
| 035 | _a(Sirsi) u77652 | ||
| 041 | _aeng | ||
| 050 | _a692.8 | ||
| 100 | _aHughes, W. | ||
| 245 | _aSpecialist trade contracting - a review. | ||
| 260 |
_aLondon _bCIRIA _c1997 |
||
| 300 | _a102p. ; 30cm. | ||
| 350 | _a40 | ||
| 490 |
_aCIRIA Special Publication _v138 |
||
| 520 | _aExamines the nature of specialist trade contracting with the aim of promoting a positive approach to the good management of the relationships between clients, designers, contractors and specialist trade contractors. Includes sections on the integration of specilist contractor design into the overall design and the influence of production processes upon design. | ||
| 650 | _aCONSTRUCTION INDUSTRY | ||
| 650 | _aCONTRACTORS | ||
| 650 | _aSUBCONTRACTORS | ||
| 650 | _aTRADE CONTRACTORS | ||
| 690 | _aBUILT ENVIRONMENT | ||
| 700 | _aGray, C. | ||
| 700 | _aMurdoch, J. | ||
| 710 |
_aConstruction Industry Research and Information Association _94810 |
||
| 942 | _n0 | ||
| 948 | _c08/04/1997 | ||
| 999 |
_c96341 _d96341 |
||